[Event "2BLN 1920 SK Zehlendorf - SV Glückauf "]
[Site "?"]
[Date "2019.11.23"]
[Round "3.8"]
[White "Lagunow, Alexander"]
[Black "Szyszylo, Rafal"]
[Result "1-0"]
[WhiteElo "2366"]
[BlackElo "2239"]
[PlyCount "75"]
[EventDate "2019.??.??"]

1. d4 g6 2. e4 Bg7 3. Nf3 d6 4. Bc4 Nf6 5. Qe2 c6 6. Bb3 O-O 7. Nbd2 Bg4 8. h3
Bxf3 9. Nxf3 e5 10. dxe5 dxe5 11. Bd2 Qe7 12. O-O Nbd7 13. c3 Nc5 14. Bc2 a5
15. a4 b5 16. axb5 cxb5 17. b4 axb4 18. Rxa8 Rxa8 19. cxb4 Nb7 20. Qxb5 Nd6 21.
Qe2 Qb7 22. Re1 Ra2 23. Bb3 Ra3 24. Qd3 Kh8 25. Qxd6 Rxb3 26. Qd8+ Ng8 27. Rc1
Bf6 28. Qe8 Qe7 29. Qa8 Kg7 30. Rc8 Nh6 31. Qd5 Rb1+ 32. Kh2 g5 33. Qc4 g4 34.
Rc7 Qd8 35. Bxh6+ Kxh6 36. hxg4 Rxb4 37. Qxf7 Qh8 38. g5+ 1-0

[Event "2BLN 1920 SK König Tegel - SF Berlin I"]
[Site "?"]
[Date "2019.11.23"]
[Round "3.1"]
[White "Jakubowski, Krzysztof"]
[Black "Stern, Rene"]
[Result "1/2-1/2"]
[WhiteElo "2494"]
[BlackElo "2516"]
[PlyCount "100"]
[EventDate "2019.??.??"]

1. e4 e5 2. Nf3 Nc6 3. Bc4 Nf6 4. Ng5 d5 5. exd5 Na5 6. Bb5+ c6 7. dxc6 bxc6 8.
Be2 h6 9. Nh3 Bd6 10. d3 O-O 11. O-O Rb8 12. Nd2 Bf5 13. Kh1 c5 14. Ng1 Qc7 15.
b3 Rfe8 16. Bf3 Bf8 17. Re1 Nc6 18. Bb2 Nd4 19. Nc4 Rbd8 20. Bxd4 cxd4 21. a3
e4 22. dxe4 Nxe4 23. Bxe4 Rxe4 24. Nf3 d3 25. Rxe4 Bxe4 26. c3 g6 27. Nd4 Bg7
28. f3 Bxd4 29. cxd4 Bf5 30. g4 Be6 31. Qxd3 Qf4 32. Re1 Rxd4 33. Qe3 Qxe3 34.
Rxe3 Bxc4 35. bxc4 Rxc4 36. Kg2 Kg7 37. Kg3 Ra4 38. h4 Kf6 39. f4 Ra5 40. g5+
Kg7 41. Kf3 Ra4 42. Kg3 h5 43. Kf3 Kf8 44. Kg3 a6 45. Kf3 a5 46. Kg3 Rc4 47.
Kf3 a4 48. Re4 Rc3+ 49. Re3 Rc4 50. Re4 Rc3+ 1/2-1/2

[Event "2BLN 1920 SK König Tegel - SF Berlin I"]
[Site "?"]
[Date "2019.11.23"]
[Round "3.2"]
[White "Rabiega, Robert"]
[Black "Ahmadinia, Ebrahim"]
[Result "1-0"]
[WhiteElo "2509"]
[BlackElo "2460"]
[PlyCount "119"]
[EventDate "2019.??.??"]

1. e4 d6 2. d4 Nf6 3. Bd3 e5 4. c3 d5 5. dxe5 Nxe4 6. Nf3 Nc6 7. Nbd2 Nc5 8.
Be2 Bg4 9. O-O a6 10. Nd4 Bxe2 11. Qxe2 Nxd4 12. cxd4 Ne6 13. Nb3 Qh4 14. Be3
Be7 15. f4 g6 16. Rac1 f5 17. Na5 Rb8 18. Qf3 c6 19. Nxc6 bxc6 20. Rxc6 Nd8 21.
Rc7 Ne6 22. Rc6 Nd8 23. Rc2 O-O 24. Qxd5+ Nf7 25. Qe6 Rbe8 26. Qxa6 g5 27. Rc6
gxf4 28. Bxf4 Bg5 29. g3 Qg4 30. Qc4 Kh8 31. Rc7 Qh5 32. Rxf7 Rxf7 33. Bxg5 h6
34. Bf6+ Kh7 35. Qd3 Kg6 36. Qf3 Qh3 37. d5 Rc8 38. Qg2 Qg4 39. d6 Qd4+ 40. Qf2
Qd3 41. Qf3 Qd4+ 42. Rf2 Rc1+ 43. Kg2 Qe4 44. Qxe4 fxe4 45. Rd2 Rd7 46. g4 Kf7
47. Re2 Ke6 48. Rxe4 Rc2+ 49. Kg3 Rb7 50. h3 Rd2 51. Kh4 Rd3 52. Re2 Rb4 53.
Rh2 Re4 54. Kh5 Ree3 55. Kxh6 Rxh3+ 56. Rxh3 Rxh3+ 57. Kg7 Rh2 58. d7 Kxd7 59.
Kf7 Rh7+ 60. Bg7 1-0

[Event "2BLN 1920 SK König Tegel - SF Berlin I"]
[Site "?"]
[Date "2019.11.23"]
[Round "3.3"]
[White "Schmidek, Emil"]
[Black "Richter, Michael"]
[Result "1-0"]
[WhiteElo "2394"]
[BlackElo "2500"]
[PlyCount "69"]
[EventDate "2019.??.??"]

1. e4 e6 2. d4 d5 3. Nc3 Nf6 4. e5 Nfd7 5. f4 c5 6. Nf3 Be7 7. Be3 Nc6 8. Qd2
b6 9. Be2 O-O 10. O-O f5 11. dxc5 Nxc5 12. Bb5 Bb7 13. Bxc6 Bxc6 14. Nd4 Qd7
15. Rad1 a5 16. g4 fxg4 17. Qe2 h5 18. h3 Bb7 19. Qg2 Ba6 20. Rf2 Bh4 21. Rfd2
g5 22. hxg4 gxf4 23. Bf2 Bxf2+ 24. Rxf2 Ra7 25. gxh5+ Kh8 26. Kh1 Qh7 27. Qh3
Rg7 28. Rg1 Ne4 29. Nxe4 Qxe4+ 30. Nf3 Rxg1+ 31. Kxg1 Rg8+ 32. Kh2 Qe3 33. Rg2
Rxg2+ 34. Qxg2 Be2 35. h6 1-0

[Event "2BLN 1920 SK König Tegel - SF Berlin I"]
[Site "?"]
[Date "2019.11.23"]
[Round "3.4"]
[White "Muse, Mladen"]
[Black "Seyb, Alexander"]
[Result "1/2-1/2"]
[WhiteElo "2387"]
[BlackElo "2428"]
[PlyCount "39"]
[EventDate "2019.??.??"]

1. Nf3 c5 2. c4 Nf6 3. Nc3 d5 4. cxd5 Nxd5 5. g3 Nc6 6. Bg2 g6 7. d3 Bg7 8. Bd2
O-O 9. h4 Nxc3 10. Bxc3 e5 11. Ng5 Bd7 12. a3 Qe7 13. O-O Rab8 14. b4 cxb4 15.
axb4 a6 16. Rb1 b5 17. Ne4 Rb6 18. Qd2 Bg4 19. Rfe1 Rd8 20. Qa2 1/2-1/2

[Event "2BLN 1920 SK König Tegel - SF Berlin I"]
[Site "?"]
[Date "2019.11.23"]
[Round "3.5"]
[White "Agopov, Mikael"]
[Black "Bruedigam, Martin"]
[Result "1-0"]
[WhiteElo "2430"]
[BlackElo "2396"]
[PlyCount "99"]
[EventDate "2019.??.??"]

1. e4 e5 2. Nf3 Nc6 3. Bb5 a6 4. Ba4 Nf6 5. O-O Be7 6. Re1 b5 7. Bb3 d6 8. c3
O-O 9. h3 Na5 10. Bc2 c5 11. d4 Qc7 12. Nbd2 Bd7 13. Nf1 cxd4 14. cxd4 Nc6 15.
Ne3 Rac8 16. d5 Nb4 17. Bb1 a5 18. a3 Na6 19. b4 g6 20. Qd2 a4 21. Bb2 Rfe8 22.
Bd3 Bf8 23. g4 Bg7 24. Kh2 Kh8 25. Rf1 Qd8 26. Ng5 Rf8 27. f4 Ng8 28. Ng2 Qe7
29. Nf3 exf4 30. Bxg7+ Kxg7 31. Nxf4 Nc7 32. Rac1 f6 33. Qb2 Nh6 34. Nd4 Kg8
35. Rxc7 Rxc7 36. Nde6 Rcc8 37. Nxf8 Rxf8 38. Ne2 Kg7 39. g5 Ng8 40. Nf4 Rc8
41. h4 Kf7 42. Kg3 Qe5 43. Qxe5 dxe5 44. Ne6 Be8 45. Nc5 Rd8 46. Rc1 Ne7 47.
gxf6 Ng8 48. Ne6 Rb8 49. Rc7+ Kxf6 50. Ng5 1-0

[Event "2BLN 1920 SK König Tegel - SF Berlin I"]
[Site "?"]
[Date "2019.11.23"]
[Round "3.6"]
[White "Von Herman, Ulf"]
[Black "Polzin, Rainer"]
[Result "1-0"]
[WhiteElo "2345"]
[BlackElo "2411"]
[PlyCount "81"]
[EventDate "2019.??.??"]

1. d4 Nf6 2. c4 g6 3. Nc3 Bg7 4. e4 d6 5. h3 O-O 6. Bg5 Na6 7. Bd3 Qe8 8. Nge2
c6 9. a3 Nc7 10. Qd2 c5 11. d5 Nd7 12. Ng3 a6 13. Bh6 Bxh6 14. Qxh6 Ne5 15. Be2
f5 16. f4 Nf7 17. Qh4 e6 18. dxe6 Bxe6 19. exf5 Bxf5 20. Nxf5 gxf5 21. O-O-O
Qd8 22. Qf2 Nh8 23. Bf3 Rb8 24. Rhe1 Ng6 25. Qd2 Rf6 26. Nd5 Nxd5 27. Bxd5+ Kg7
28. g3 b5 29. h4 Ne7 30. Re6 Nxd5 31. Qxd5 bxc4 32. Qxc4 Rb6 33. Re3 Qf8 34.
Rde1 Kh6 35. Re7 Rg6 36. Rf7 Qh8 37. Qc2 Rxg3 38. Rxf5 Qd4 39. Rf7 Rg6 40. h5
Rxb2 41. Rxh7+ 1-0

[Event "2BLN 1920 SK König Tegel - SF Berlin I"]
[Site "?"]
[Date "2019.11.23"]
[Round "3.7"]
[White "Florstedt, Johannes"]
[Black "Mueller, Nick"]
[Result "1/2-1/2"]
[WhiteElo "2352"]
[BlackElo "2365"]
[PlyCount "120"]
[EventDate "2019.??.??"]

1. e4 e5 2. Nf3 Nc6 3. Bc4 Bc5 4. c3 Nf6 5. d4 exd4 6. e5 d5 7. Bb5 Ne4 8. cxd4
Bb6 9. Nc3 O-O 10. Be3 Bg4 11. h3 Bh5 12. Qc2 Bg6 13. Qb3 Ne7 14. O-O c6 15.
Bd3 Nd2 16. Nxd2 Bxd3 17. Rfe1 Bg6 18. Nf3 Nf5 19. Na4 Ba5 20. Re2 Nxe3 21.
Rxe3 Bb6 22. a3 Re8 23. Rc1 h6 24. Qc3 Rb8 25. Nxb6 axb6 26. b4 b5 27. Nd2 h5
28. Kh2 Bf5 29. Rg1 Re6 30. g3 Rh6 31. Nf3 Qd7 32. h4 Ra8 33. Ng5 Re8 34. Rge1
Bg4 35. Qc5 Qe7 36. Qa7 Qc7 37. Kg2 Qc8 38. Qc5 Qd7 39. Qa7 Qc8 40. a4 bxa4 41.
Qxa4 Qd8 42. Qa7 Bc8 43. Kg1 Rg6 44. Qc5 Bf5 45. Qa7 Qe7 46. Qa5 Bg4 47. Ra1
Qd7 48. Qb6 f6 49. e6 Bxe6 50. Nxe6 Rxe6 51. Rxe6 Qxe6 52. Qxb7 Rg4 53. Qa6 Re4
54. Rd1 Rxh4 55. b5 Qh3 56. gxh4 Qg4+ 57. Kh2 Qxh4+ 58. Kg2 Qg4+ 59. Kh2 Qh4+
60. Kg2 Qg4+ 1/2-1/2

[Event "2BLN 1920 SK König Tegel - SF Berlin I"]
[Site "?"]
[Date "2019.11.23"]
[Round "3.8"]
[White "Tomczak, Rainer"]
[Black "Rudolf, Henrik"]
[Result "1/2-1/2"]
[WhiteElo "2282"]
[BlackElo "2319"]
[PlyCount "39"]
[EventDate "2019.??.??"]

1. e4 c5 2. Nf3 Nc6 3. d4 cxd4 4. Nxd4 Qc7 5. Nc3 e6 6. g3 a6 7. Bg2 d6 8. Nxc6
bxc6 9. O-O Nf6 10. Na4 Rb8 11. c4 c5 12. b3 Be7 13. Qe2 O-O 14. Bf4 Nd7 15.
Rad1 Ne5 16. Bxe5 dxe5 17. f4 Bd7 18. Nc3 Rbd8 19. f5 Bc8 20. fxe6 1/2-1/2

[Event "2BLN 1920 SV Werder Bremen II - Hamburg"]
[Site "?"]
[Date "2019.11.23"]
[Round "3.1"]
[White "Souleidis, Georgios"]
[Black "Nyback, Tomi"]
[Result "0-1"]
[WhiteElo "2422"]
[BlackElo "2559"]
[PlyCount "106"]
[EventDate "2019.??.??"]

1. e4 e5 2. Nf3 Nc6 3. Bc4 Bc5 4. d3 Nf6 5. Nc3 h6 6. a3 a6 7. O-O d6 8. Be3
O-O 9. b4 Bxe3 10. fxe3 Be6 11. Qe1 Bxc4 12. dxc4 a5 13. b5 Ne7 14. Nh4 Nd7 15.
Rd1 Kh7 16. Nf5 Nxf5 17. exf5 Nf6 18. Qh4 Nd7 19. Qh3 f6 20. Ne4 Qe8 21. Qg4
Qf7 22. Nc3 Nb6 23. Nd5 Nxd5 24. Rxd5 Rfd8 25. Rfd1 Qe7 26. R1d2 c6 27. R5d3
cxb5 28. cxb5 Rac8 29. h3 Rc5 30. Qd1 Qc7 31. Rxd6 Rxd6 32. Rxd6 Rxc2 33. Rd7
Qc5 34. Qf3 Rc3 35. Kf2 Qxb5 36. Rxb7 Qd3 37. a4 Qd2+ 38. Qe2 Qxe2+ 39. Kxe2
Ra3 40. g4 Rxa4 41. Kf3 Ra1 42. Ra7 a4 43. Ke4 a3 44. h4 a2 45. g5 hxg5 46.
hxg5 fxg5 47. f6 Rf1 48. f7 Rxf7 49. Rxa2 Kg6 50. Kxe5 g4 51. e4 Kg5 52. Kd4 g3
53. Ke3 Kg4 0-1

[Event "2BLN 1920 SV Werder Bremen II - Hamburg"]
[Site "?"]
[Date "2019.11.23"]
[Round "3.2"]
[White "Pruijssers, Roeland"]
[Black "Voigt, Roland"]
[Result "1-0"]
[WhiteElo "2557"]
[BlackElo "2457"]
[PlyCount "111"]
[EventDate "2019.??.??"]

1. e4 c5 2. Nf3 e6 3. d4 cxd4 4. Nxd4 a6 5. Bd3 Nf6 6. O-O Qc7 7. Qe2 d6 8. c4
Nbd7 9. f4 Be7 10. Nc3 b6 11. Bd2 Bb7 12. b4 O-O 13. f5 e5 14. Nb3 Rfc8 15. Kh1
Qd8 16. a4 a5 17. bxa5 bxa5 18. Rfb1 Bc6 19. Nb5 Nc5 20. Nxc5 dxc5 21. Bc3 Nd7
22. Rd1 Bf8 23. Qe1 Ra6 24. Bc2 Qe7 25. Bxa5 Rca8 26. Bc7 Nb6 27. Bd6 Qb7 28.
Bxf8 Rxf8 29. f6 Nxc4 30. Bd3 Bxb5 31. axb5 Rxa1 32. Rxa1 Nd6 33. Qg3 Ne8 34.
fxg7 Nxg7 35. Qxe5 Rd8 36. Bc4 Re8 37. Qd5 Qc7 38. Rb1 Ne6 39. b6 Rb8 40. b7
Kf8 41. h3 Nd8 42. Ba6 Ne6 43. e5 Ke7 44. Qe4 h6 45. Bc4 Ng5 46. Qd5 Ne6 47. h4
Ke8 48. Qe4 Nd4 49. Bd5 Qe7 50. g3 Kd8 51. Rc1 Ne6 52. Qh7 Qd7 53. Be4 Nd4 54.
Kh2 f5 55. exf6 Rxb7 56. Qg8+ 1-0

[Event "2BLN 1920 SV Werder Bremen II - Hamburg"]
[Site "?"]
[Date "2019.11.23"]
[Round "3.3"]
[White "Bracker, Frank"]
[Black "Grigorian, Spartak"]
[Result "1/2-1/2"]
[WhiteElo "2360"]
[BlackElo "2385"]
[PlyCount "83"]
[EventDate "2019.??.??"]

1. Nf3 d5 2. c4 e6 3. g3 dxc4 4. Qa4+ c6 5. Qxc4 b5 6. Qb3 Bb7 7. Bg2 Nd7 8.
O-O a6 9. Nc3 c5 10. d3 Rc8 11. Be3 Ngf6 12. a4 b4 13. Nb1 Bd5 14. Qd1 c4 15.
dxc4 Rxc4 16. Nbd2 Rc8 17. Bd4 Bc5 18. Nb3 Bxd4 19. Nfxd4 Bxg2 20. Kxg2 Qb6 21.
Rc1 O-O 22. Nf3 Rfd8 23. Rxc8 Rxc8 24. Qd3 h6 25. Rd1 Rc7 26. Kg1 Nd5 27. a5
Qb7 28. Rc1 Rxc1+ 29. Nxc1 Nc5 30. Qc4 Qc7 31. Nd3 Nxd3 32. Qxc7 Nxc7 33. exd3
Nb5 34. Kf1 f6 35. Ke2 Kf7 36. d4 Ke7 37. Kd3 Nd6 38. Nd2 Kd7 39. Nb3 Kc6 40.
Nc5 Kb5 41. Nxe6 g5 42. f4 1/2-1/2

[Event "2BLN 1920 SV Werder Bremen II - Hamburg"]
[Site "?"]
[Date "2019.11.23"]
[Round "3.4"]
[White "Reuker, Jari"]
[Black "Kramer, Julian"]
[Result "0-1"]
[WhiteElo "2379"]
[BlackElo "2376"]
[PlyCount "92"]
[EventDate "2019.??.??"]

1. Nf3 Nf6 2. c4 g6 3. Nc3 d5 4. cxd5 Nxd5 5. h4 Bg7 6. e4 Nxc3 7. dxc3 Qxd1+
8. Kxd1 Bg4 9. Kc2 Nd7 10. h5 Nc5 11. Nd2 e5 12. f3 Be6 13. Nc4 f6 14. Be3 Nd7
15. a4 Kf7 16. Na5 Rhb8 17. Rd1 Nb6 18. b3 g5 19. c4 Nc8 20. b4 Ne7 21. Kc3 b6
22. Nb3 Bf8 23. c5 a5 24. b5 Nc8 25. Bc4 Bxc4 26. Kxc4 bxc5 27. Bxc5 Nb6+ 28.
Bxb6 cxb6 29. Rd7+ Be7 30. Nc1 Rd8 31. Rdd1 Bb4 32. Ne2 Rac8+ 33. Kb3 Bd2 34.
Ng3 Rd4 35. Ne2 Rb4+ 36. Ka3 Rc2 37. Nc1 Rc3+ 38. Ka2 Rxa4+ 39. Kb2 Rb4+ 40.
Ka2 Rc2+ 41. Ka3 Rb1 42. Rxd2 Rxd2 43. Nb3 Rxh1 44. Nxd2 Rc1 45. Kb3 Ke6 46.
Nc4 Rb1+ 0-1

[Event "2BLN 1920 SV Werder Bremen II - Hamburg"]
[Site "?"]
[Date "2019.11.23"]
[Round "3.5"]
[White "Papp, Sarah"]
[Black "Meins, Gerlef"]
[Result "1/2-1/2"]
[WhiteElo "2318"]
[BlackElo "2410"]
[PlyCount "95"]
[EventDate "2019.??.??"]

1. e4 c5 2. Nf3 Nc6 3. Bb5 g6 4. Bxc6 dxc6 5. d3 Bg7 6. h3 Nf6 7. Nc3 O-O 8.
O-O Ne8 9. Bf4 f6 10. e5 Nc7 11. exf6 exf6 12. Qd2 Ne6 13. Bh6 Qc7 14. Rfe1 Bd7
15. Re4 Rae8 16. Rae1 b6 17. Bxg7 Kxg7 18. Ne2 Kg8 19. Qh6 Bc8 20. Ng3 Qf7 21.
h4 Ng7 22. b3 Nf5 23. Qf4 Nxg3 24. Qxg3 Bf5 25. R4e3 Rxe3 26. Rxe3 Re8 27.
Rxe8+ Qxe8 28. Kf1 Qd7 29. Qf4 Kg7 30. a4 h6 31. Qe3 g5 32. hxg5 hxg5 33. Nd2
Be6 34. a5 Bf7 35. axb6 axb6 36. Ne4 Bg6 37. Nc3 Qd4 38. Qxd4 cxd4 39. Na4 b5
40. Nc5 Bf7 41. f3 Kg6 42. g3 Bd5 43. Ke2 Kf5 44. b4 Ke5 45. Nd7+ Ke6 46. Nc5+
Ke5 47. Nd7+ Ke6 48. Nc5+ 1/2-1/2

[Event "2BLN 1920 SV Werder Bremen II - Hamburg"]
[Site "?"]
[Date "2019.11.23"]
[Round "3.6"]
[White "Joachim, Sven"]
[Black "Fuchs, Judith"]
[Result "1-0"]
[WhiteElo "2379"]
[BlackElo "2242"]
[PlyCount "95"]
[EventDate "2019.??.??"]

1. e4 c5 2. Nf3 d6 3. d4 cxd4 4. Nxd4 Nf6 5. Nc3 a6 6. Be2 Nbd7 7. O-O g6 8.
Be3 Bg7 9. a4 O-O 10. a5 Qc7 11. Nd5 Nxd5 12. exd5 b5 13. axb6 Nxb6 14. c4 Bb7
15. b3 Rae8 16. Qd2 Nd7 17. Rfd1 Nc5 18. b4 Nd7 19. Rac1 Nf6 20. h3 Qc8 21. Bf3
Qa8 22. Re1 Nd7 23. Bh6 Ne5 24. Be2 Bxh6 25. Qxh6 e6 26. dxe6 fxe6 27. Bf1 Nf7
28. Qe3 e5 29. Ne2 Nd8 30. Rcd1 Qb8 31. Rd2 Ba8 32. Qb3 Kh8 33. Red1 Rf6 34.
Qa3 Qa7 35. Qe3 Qb8 36. Qa3 Qa7 37. c5 d5 38. Nc3 d4 39. Nb5 Qe7 40. Nd6 Ref8
41. Re1 Rf4 42. Qxa6 Nc6 43. b5 Nb4 44. Qa3 Nd5 45. c6 Nc3 46. Qc5 Re8 47. c7
Rff8 48. Rxd4 1-0

[Event "2BLN 1920 SV Werder Bremen II - Hamburg"]
[Site "?"]
[Date "2019.11.23"]
[Round "3.7"]
[White "Sehner, Norbert"]
[Black "Richter, Christian"]
[Result "1-0"]
[WhiteElo "2326"]
[BlackElo "2358"]
[PlyCount "87"]
[EventDate "2019.??.??"]

1. c4 Nf6 2. g3 g6 3. Bg2 Bg7 4. Nc3 O-O 5. e4 d6 6. Nge2 c5 7. O-O Nc6 8. b3
Ne8 9. Bb2 Nc7 10. d3 Ne6 11. Qd2 Rb8 12. f4 Ned4 13. h3 e6 14. Kh2 Bd7 15.
Nxd4 Nxd4 16. Rae1 Bc6 17. Rf2 Qd7 18. Ne2 Nxe2 19. Bxg7 Kxg7 20. Rexe2 f6 21.
d4 cxd4 22. Qxd4 b6 23. Rd2 Rbd8 24. e5 dxe5 25. Qxd7+ Bxd7 26. fxe5 f5 27. Rd6
Bc8 28. b4 Rde8 29. c5 bxc5 30. bxc5 Re7 31. c6 g5 32. Bf1 h5 33. h4 Kh6 34.
Bc4 f4 35. gxf4 gxf4 36. Bd3 Rg7 37. Rg2 Rg4 38. Kh3 Rfg8 39. Be4 Rg3+ 40. Kh2
R3g4 41. Bf3 Rxh4+ 42. Kg1 Re8 43. c7 Re7 44. Rd8 1-0

[Event "2BLN 1920 SV Werder Bremen II - Hamburg"]
[Site "?"]
[Date "2019.11.23"]
[Round "3.8"]
[White "Wachinger, Nikolas"]
[Black "Doberitz, Paul"]
[Result "1-0"]
[WhiteElo "2242"]
[BlackElo "2181"]
[PlyCount "99"]
[EventDate "2019.??.??"]

1. e4 c5 2. Nf3 d6 3. Bb5+ Bd7 4. Bxd7+ Qxd7 5. c4 Nf6 6. Nc3 g6 7. d4 cxd4 8.
Nxd4 Bg7 9. f3 O-O 10. Be3 Nc6 11. O-O Rac8 12. b3 Rfd8 13. Qd3 e6 14. Rad1 a6
15. Na4 Ne5 16. Qc2 Qc7 17. Qd2 d5 18. exd5 exd5 19. c5 Nfd7 20. Rc1 Re8 21.
Rfe1 Nc6 22. Bf2 Be5 23. g3 Rcd8 24. Kg2 Nf8 25. b4 Ne6 26. Nxe6 fxe6 27. Nb6
Bg7 28. a4 Qf7 29. b5 axb5 30. axb5 Ne5 31. Qe2 d4 32. Rcd1 d3 33. Qe4 Qf5 34.
f4 Qxe4+ 35. Rxe4 Ng4 36. Bg1 Kf7 37. Nc4 Bf8 38. h3 Nf6 39. Ne5+ Kg7 40. Ra4
Nd5 41. Rxd3 Ra8 42. Rda3 Rxa4 43. Rxa4 Rc8 44. Nd7 Be7 45. Ra7 Rc7 46. c6 bxc6
47. b6 Rxa7 48. bxa7 Nc7 49. Bb6 Na8 50. Bd4+ 1-0

[Event "2BLN 1920 SG Turm Kiel II - FC St. Paul"]
[Site "?"]
[Date "2019.11.23"]
[Round "3.1"]
[White "Socko, Bartosz"]
[Black "Michna, Marta"]
[Result "1/2-1/2"]
[WhiteElo "2622"]
[BlackElo "2366"]
[PlyCount "119"]
[EventDate "2019.??.??"]

1. d4 Nf6 2. c4 d6 3. Nf3 Nbd7 4. g3 e5 5. Bg2 Be7 6. O-O O-O 7. Nc3 c6 8. Qc2
Re8 9. Rd1 Qc7 10. b3 Bf8 11. e4 a6 12. a4 a5 13. d5 Nc5 14. h3 Na6 15. Be3 Nd7
16. Ne1 g6 17. Nd3 Nb4 18. Qe2 c5 19. Rf1 Bg7 20. Nb5 Qb8 21. Rae1 f5 22. exf5
gxf5 23. Bg5 Nxd3 24. Qxd3 Nf6 25. h4 Rf8 26. Bh3 Ne8 27. Qd2 Bd7 28. Kh2 Rf7
29. Rg1 Nf6 30. f3 Kh8 31. Re2 Ng8 32. Be3 Nf6 33. Qc2 Ng8 34. Bc1 Bxb5 35.
axb5 Qf8 36. Reg2 b6 37. g4 fxg4 38. Bxg4 Raa7 39. Rg3 e4 40. f4 Rxf4 41. Bxf4
Qxf4 42. Kh3 Ne7 43. Qc1 Ng6 44. Qxf4 Nxf4+ 45. Kh2 Bd4 46. Rf1 Be5 47. Kh1 Rg7
48. Rgg1 e3 49. Bf3 e2 50. Re1 Rxg1+ 51. Kxg1 Bd4+ 52. Kh2 Bf2 53. Rxe2 Nxe2
54. Bxe2 Kg7 55. h5 Kf6 56. Kg2 Bd4 57. Kf3 Ke5 58. Bf1 Bg1 59. Ke2 Kd4 60. Kd2
1/2-1/2

[Event "2BLN 1920 SG Turm Kiel II - FC St. Paul"]
[Site "?"]
[Date "2019.11.23"]
[Round "3.2"]
[White "Pajeken, Jakob Leon"]
[Black "Krause, Benedict"]
[Result "1-0"]
[WhiteElo "2323"]
[BlackElo "2433"]
[PlyCount "119"]
[EventDate "2019.??.??"]

1. d4 Nf6 2. c4 g6 3. g3 c6 4. Bg2 d5 5. Qa4 Nfd7 6. cxd5 Nb6 7. Qd1 cxd5 8.
Nc3 Nc6 9. e3 Bg7 10. Nge2 Bg4 11. h3 Bxe2 12. Qxe2 O-O 13. O-O e6 14. b3 Rc8
15. Bb2 a6 16. Rfc1 Rc7 17. a4 Na5 18. Qd1 Re8 19. Ba3 Bf8 20. Bxf8 Rxf8 21. b4
Nc6 22. a5 Nc4 23. Qb3 Qd6 24. Ra4 Na7 25. Ra2 Rfc8 26. Rac2 Nc6 27. Rb1 Qxb4
28. Qxb4 Nxb4 29. Rxb4 Na3 30. Ra2 Rxc3 31. Rxb7 Rc1+ 32. Bf1 Nc2 33. Rb6 Ra8
34. Rc6 Rxf1+ 35. Kxf1 Nb4 36. Rac2 Nxc2 37. Rxc2 Rb8 38. Rc6 Rb2 39. Rxa6 Ra2
40. g4 g5 41. Ra8+ Kg7 42. a6 Ra1+ 43. Kg2 Kf6 44. a7 Kg7 45. h4 gxh4 46. g5
Ra2 47. Kh3 Ra1 48. Kxh4 Ra4 49. Kg3 Ra2 50. Kf3 Ra1 51. Ke2 Ra6 52. Kd3 Ra1
53. Kc3 Ra2 54. Kb4 Ra1 55. Kc5 Rc1+ 56. Kd6 Ra1 57. f3 Ra4 58. Kc5 Ra1 59. e4
Rc1+ 60. Kd6 1-0

[Event "2BLN 1920 SG Turm Kiel II - FC St. Paul"]
[Site "?"]
[Date "2019.11.23"]
[Round "3.3"]
[White "Feuerstack, Aljoscha"]
[Black "Boe, Mads"]
[Result "1-0"]
[WhiteElo "2444"]
[BlackElo "2280"]
[PlyCount "81"]
[EventDate "2019.??.??"]

1. e4 c6 2. d4 d5 3. e5 Bf5 4. Nf3 e6 5. Be2 Ne7 6. O-O h6 7. a4 a5 8. Nbd2 Nd7
9. Nb3 g5 10. Ne1 Bg7 11. Nd3 Qc7 12. Bd2 b6 13. Rc1 f6 14. f4 O-O-O 15. exf6
Bxf6 16. Ne5 Nxe5 17. fxe5 Bg7 18. c4 dxc4 19. Bxc4 Rhf8 20. g4 Be4 21. Bxe6+
Kb8 22. Qe2 Bd5 23. Bxd5 Nxd5 24. Qe4 Rxf1+ 25. Rxf1 Rf8 26. Rf5 Kb7 27. Qf3
Re8 28. Nc1 Qd7 29. Ne2 Nc7 30. Be3 Qd5 31. Kg2 Re7 32. Qxd5 Nxd5 33. Kf3 c5
34. Bf2 cxd4 35. Bxd4 Nb4 36. e6 Bxd4 37. Nxd4 Nc6 38. Nxc6 Kxc6 39. Rf6 Kd6
40. Rxh6 Rb7 41. e7+ 1-0

[Event "2BLN 1920 SG Turm Kiel II - FC St. Paul"]
[Site "?"]
[Date "2019.11.23"]
[Round "3.4"]
[White "Berg, Klaus"]
[Black "Socko, Monika"]
[Result "1/2-1/2"]
[WhiteElo "2287"]
[BlackElo "2417"]
[PlyCount "49"]
[EventDate "2019.??.??"]

1. g3 d5 2. Nf3 Nc6 3. c4 d4 4. Bg2 e5 5. d3 Nf6 6. O-O Bd6 7. e3 O-O 8. exd4
exd4 9. Na3 Ne5 10. Nxe5 Bxe5 11. b4 c6 12. Nc2 a5 13. a3 axb4 14. axb4 Rxa1
15. Nxa1 Bd6 16. Nc2 c5 17. bxc5 Bxc5 18. Bb2 Bf5 19. Re1 Qd6 20. Bc1 b6 21.
Bf4 Qd7 22. Bg5 Qd6 23. Bf4 Qd7 24. Bg5 Qd6 25. Bf4 1/2-1/2

[Event "2BLN 1920 SG Turm Kiel II - FC St. Paul"]
[Site "?"]
[Date "2019.11.23"]
[Round "3.5"]
[White "Sawatzki, Frank"]
[Black "Luckow, Rolf"]
[Result "1-0"]
[WhiteElo "2209"]
[BlackElo "2398"]
[PlyCount "79"]
[EventDate "2019.??.??"]

1. e4 c5 2. Nf3 d6 3. d4 cxd4 4. Nxd4 Nf6 5. Nc3 a6 6. Bd3 e6 7. a4 Nc6 8. Nb3
d5 9. O-O Bb4 10. exd5 Nxd5 11. Nxd5 Qxd5 12. Qg4 g6 13. Be4 f5 14. Bxd5 fxg4
15. Be4 Bd7 16. Be3 O-O-O 17. Rfd1 Be7 18. Nc5 e5 19. Nxd7 Rxd7 20. Rxd7 Kxd7
21. c3 Kc8 22. Rd1 Rd8 23. Rxd8+ Nxd8 24. Bd5 g5 25. Be4 h6 26. Bf5+ Kc7 27.
Bxg4 a5 28. Kf1 b6 29. Ke2 Nb7 30. Bf5 Nd6 31. Bc2 Nc4 32. Bc1 Bc5 33. b3 Nd6
34. h4 gxh4 35. Bxh6 Kd7 36. Bg5 b5 37. Bxh4 Ke6 38. g4 bxa4 39. bxa4 Kd7 40.
f3 1-0

[Event "2BLN 1920 SG Turm Kiel II - FC St. Paul"]
[Site "?"]
[Date "2019.11.23"]
[Round "3.6"]
[White "Zeller, Joerg"]
[Black "Ertan, Can"]
[Result "0-1"]
[WhiteElo "2179"]
[BlackElo "2378"]
[PlyCount "50"]
[EventDate "2019.??.??"]

1. d4 Nf6 2. Nf3 e6 3. g3 b5 4. Bg2 Bb7 5. O-O c5 6. c3 d5 7. Nbd2 Nbd7 8. Re1
Qb6 9. Nb3 Bd6 10. dxc5 Nxc5 11. Be3 O-O 12. Ne5 Qc7 13. Bxc5 Bxc5 14. Nxc5
Qxc5 15. Qd4 Rfc8 16. Qxc5 Rxc5 17. e3 a5 18. a3 Ne8 19. Nd3 Rc7 20. a4 Ba6 21.
axb5 Bxb5 22. Bf1 Nd6 23. Kg2 Kf8 24. f3 Rb8 25. Reb1 Nc4 0-1

[Event "2BLN 1920 SG Turm Kiel II - FC St. Paul"]
[Site "?"]
[Date "2019.11.23"]
[Round "3.7"]
[White "Voigt, Martin"]
[Black "Boehm, Thomas"]
[Result "1/2-1/2"]
[WhiteElo "2292"]
[BlackElo "2134"]
[PlyCount "127"]
[EventDate "2019.??.??"]

1. e4 d5 2. exd5 Qxd5 3. Nf3 Bg4 4. Be2 Nc6 5. d4 O-O-O 6. c4 Qa5+ 7. Bd2 Qf5
8. O-O Nxd4 9. Nxd4 Rxd4 10. f3 Qc5 11. Kh1 Bf5 12. Qa4 Bd7 13. Qb3 Rh4 14. f4
Bg4 15. Bxg4+ Rxg4 16. Qf3 Nf6 17. Na3 e6 18. b4 Qc6 19. Nb5 Qxf3 20. gxf3 Rh4
21. Nxa7+ Kb8 22. Nb5 c6 23. Nd4 Bd6 24. Ne2 Rd8 25. Bc3 Kc8 26. Be1 Rh6 27.
Rd1 Bc7 28. Rxd8+ Kxd8 29. Rg1 Rg6 30. Rxg6 hxg6 31. a4 Nd7 32. a5 e5 33. Bc3
exf4 34. Bxg7 f6 35. h4 Ke7 36. Bh6 Bd6 37. c5 Be5 38. Bxf4 Bxf4 39. Nxf4 Ne5
40. b5 cxb5 41. Nd5+ Kd7 42. f4 Ng4 43. f5 g5 44. hxg5 fxg5 45. Nb4 Kc7 46. Kg1
Nf6 47. Kg2 Nd7 48. Kf3 Nxc5 49. f6 Nd7 50. Kg4 Nxf6+ 51. Kxg5 Nd7 52. a6 bxa6
53. Nxa6+ Kb6 54. Nb4 Nb8 55. Kf4 Kc5 56. Nc2 Nc6 57. Ke4 Kb6 58. Kd3 Ka5 59.
Kc3 Ka4 60. Kb2 Ne5 61. Nd4 b4 62. Kb1 Nd3 63. Ka2 Ne5 64. Kb2 1/2-1/2

[Event "2BLN 1920 SG Turm Kiel II - FC St. Paul"]
[Site "?"]
[Date "2019.11.23"]
[Round "3.8"]
[White "Budzyn, Matthias"]
[Black "Pajeken, Wolfgang"]
[Result "1/2-1/2"]
[WhiteElo "2102"]
[BlackElo "2265"]
[PlyCount "52"]
[EventDate "2019.??.??"]

1. e4 e5 2. Nf3 Nc6 3. Bc4 Bc5 4. c3 Nf6 5. d3 a6 6. O-O d6 7. Bb3 O-O 8. Nbd2
Ba7 9. h3 h6 10. Re1 Nh5 11. Nc4 Qf6 12. Ne3 Nf4 13. Nd5 Nxd5 14. exd5 Ne7 15.
d4 Ng6 16. Be3 Bd7 17. dxe5 dxe5 18. Bxa7 Rxa7 19. Re3 Re8 20. Nh2 Raa8 21. Qh5
Nf4 22. Qf3 a5 23. Ng4 Bxg4 24. hxg4 a4 25. Bc4 a3 26. b4 e4 1/2-1/2